000 00695nam a2200241 a 4500
001 BRL_1879
005 20190320211418.0
008 120815s1949----mx-ab#####---#000-0#spa-#
041 _aspa
044 _amx
050 4 _aF1221.Z3
_b.F84 1949
100 1 _aFuente, J. de la
_928115
245 1 0 _aYalalag
_buna villa zapoteca serrana
_cJ. de la Fuente.
260 _aMéxico
_bMuseo Nacional de Antropología
_c1949
300 _a382 p.
_bil.
_c23 cm.
440 0 _aSerie Científica
_v1
_928116
500 _aAu2006
504 _aBibliografía: p. 373-375
650 1 4 _aZapotecas
_910464
650 1 4 _aEtnología
_zMéxico - Villa Hidalgo (Oaxaca)
_928117
902 _aGRL
942 _2lcc
_cB
999 _c10687
_d10687